000 00367nam a2200145Ia 4500
005 20251222143215.0
008 251222s9999||||xx |||||||||||||| ||spa||
020 _a792387643
082 _a616.014.5/H94
100 _aHunt, Richard H.
245 0 _aHelicobacter Pylori:
250 _a1ra. ed
264 _bKluwer Academic Publishers and Axcan Pharma
942 _cLIB
999 _c13607
_d13607